000 00296 a2200121 4500
001 151818
040 _cEscola São Tomás de Aquino
100 _aTULCHINSKI, Lúcia
240 1 0 _aViagens de Gulliver
_lpor
245 1 0 _aViagens de Gulliver
697 _a*LITERATURA INFANTO JUVENIL
942 _cBK
999 _c151818
_d151818